Southville International School and Colleges
Your cart is empty.
  • Cart
  • Lists
    Public lists Eva Luna New books Lux_list list_1
    Your lists Log in to create your own lists
  • Log in to your account
  • Your cookies
  • Search history
Southville International School and Colleges
  • Advanced search
  • Recent comments
  • Most popular
  • Libraries

Log in to your account

Log in with GOOGLE


If you do not have an external account, but do have a local account, you can still log in:

  1. Home
  2. MARC view: The Bar and beverage book /
Normal view MARC view ISBD view

The Bar and beverage book / (Record no. 290844)

[ view plain ]
MARC details
000 -LEADER
fixed length control field 00580nam a2200229Ia 4500
008 - FIXED-LENGTH DATA ELEMENTS--GENERAL INFORMATION
fixed length control field 160216s9999 xx 000 0 und d
020 ## - INTERNATIONAL STANDARD BOOK NUMBER
International Standard Book Number 978-0-470-24845-4
050 ## - LIBRARY OF CONGRESS CALL NUMBER
Classification number CUL TX 950.7
050 ## - LIBRARY OF CONGRESS CALL NUMBER
Item number .K38 2012
100 ## - MAIN ENTRY--PERSONAL NAME
Personal name Katsigris, Costas
245 #4 - TITLE STATEMENT
Title The Bar and beverage book /
245 ## - TITLE STATEMENT
Statement of responsibility, etc Costas Katsigris, Chris Thomas.
250 ## - EDITION STATEMENT
Edition statement 5th Edition
260 ## - PUBLICATION, DISTRIBUTION, ETC. (IMPRINT)
Place of publication, distribution, etc New Jersey :
260 ## - PUBLICATION, DISTRIBUTION, ETC. (IMPRINT)
Name of publisher, distributor, etc John Wiley and Sons, Inc.,
260 ## - PUBLICATION, DISTRIBUTION, ETC. (IMPRINT)
Date of publication, distribution, etc 2012
300 ## - PHYSICAL DESCRIPTION
Extent 722 pages :
300 ## - PHYSICAL DESCRIPTION
Other physical details Ill. ;
300 ## - PHYSICAL DESCRIPTION
Dimensions 24 cm.
500 ## - GENERAL NOTE
General note Includes index.
650 ## - SUBJECT ADDED ENTRY--TOPICAL TERM
Topical term or geographic name as entry element Bartending.
Holdings
Withdrawn status Lost status Damaged status Home library Current library Shelving location Date acquired Cost, normal purchase price Total Checkouts Full call number Barcode Date last seen Price effective from Koha item type
      South Mansfield College South Mansfield College Reserve Section   3.00   CUL TX 950.7 .K38 2012 SMC05975 02/16/2016 02/16/2016 Books

The Bar and beverage book /

APA

Katsigris C., .The Bar and beverage book. New Jersey: .

Chicago

Katsigris Costas, .The Bar and beverage book. New Jersey: .

Harvard

Katsigris C., .The Bar and beverage book. New Jersey: .

MLA

Katsigris Costas, .New Jersey: . .

  • Place hold
  • Print
  • Cite
  • Add to your cart (remove)
  • Save record
    BIBTEX Dublin Core MARCXML MARC (non-Unicode/MARC-8) MARC (Unicode/UTF-8) MARC (Unicode/UTF-8, Standard) MODS (XML) RIS
  • More searches
    Search for this title in:
    Other Libraries (WorldCat) Other Databases (Google Scholar) Online Stores (Bookfinder.com) Open Library (openlibrary.org)

Exporting to Dublin Core...

SOUTHVILLE LIBRARY

Southville International School and Colleges Library

1281 Tropical Ave. Cor. Luxembourg St., BF Homes International, Las Pinas City

Tel. No. 8256374 / 252358 Loc. 117/146

Powered by Koha